<?xml version="1.0" encoding="UTF-8"?>
<collection xmlns="http://www.loc.gov/MARC21/slim">
 <record>
  <leader>01265cam a2200229 7i4500</leader>
  <controlfield tag="001">0000122031</controlfield>
  <controlfield tag="005">20140609090000.0</controlfield>
  <controlfield tag="008">140609s2011    my                  may   </controlfield>
  <datafield tag="020" ind1="#" ind2="0">
   <subfield code="a">9789675295508 </subfield>
  </datafield>
  <datafield tag="090" ind1="0" ind2="0">
   <subfield code="a">HV 5801 </subfield>
   <subfield code="b">.T8 2011</subfield>
  </datafield>
  <datafield tag="245" ind1="0" ind2="0">
   <subfield code="a">7 langkah kepulihan dalam penagihan : </subfield>
   <subfield code="b">panduan untuk pembimbing : </subfield>
   <subfield code="b">panduan untuk pembimbing : </subfield>
   <subfield code="b">aplikasi pendekatan agama Islam dalam kepulihan  </subfield>
   <subfield code="c">editor: Abd. Halim Mohd Hussin, Muhammad Khairi Mahyuddin.</subfield>
  </datafield>
  <datafield tag="246" ind1="0" ind2="3">
   <subfield code="a">Tujuh langkah kepulihan dalam penagihan: </subfield>
   <subfield code="b">panduan untuk pembimbing: </subfield>
   <subfield code="b">aplikasi pendekatan agama Islam dalam kepulihan.</subfield>
  </datafield>
  <datafield tag="260" ind1="#" ind2="#">
   <subfield code="a">Nilai, Negeri Sembilan: </subfield>
   <subfield code="b">Penerbit USIM, </subfield>
   <subfield code="c">2011.</subfield>
  </datafield>
  <datafield tag="300" ind1="#" ind2="#">
   <subfield code="a">x, 81 p.; </subfield>
   <subfield code="c">25 cm..</subfield>
  </datafield>
  <datafield tag="505" ind1="0" ind2="0">
   <subfield code="a">1. Penerimaan diri -- 2. Penyerahan kepada Allah -- 3. Mengenal diri dan mengaku kepada Allah -- 4. Bertanggungjawab membetulkan kesilapan diri -- 5. Usaha dan tawakkal -- 6. Pengukuhan diri dengan Allah -- 7. Mengekal dan meningkatkan kepulihan -- 8. Penutup</subfield>
  </datafield>
  <datafield tag="590" ind1="#" ind2="#">
   <subfield code="a">Pusat Pendidikan Asas dan Liberal</subfield>
  </datafield>
  <datafield tag="650" ind1="0" ind2="0">
   <subfield code="a">Drug abuse -- </subfield>
   <subfield code="x">Social aspects </subfield>
  </datafield>
  <datafield tag="650" ind1="0" ind2="0">
   <subfield code="a">Drug abuse -- </subfield>
   <subfield code="x">Treatment </subfield>
  </datafield>
  <datafield tag="650" ind1="0" ind2="0">
   <subfield code="a">Drug abuse -- </subfield>
   <subfield code="x">Prevention </subfield>
  </datafield>
  <datafield tag="700" ind1="0" ind2="1">
   <subfield code="a">Abd. Halim Mohd Hussin </subfield>
  </datafield>
  <datafield tag="700" ind1="0" ind2="1">
   <subfield code="a">Muhammad Khairi Mahyuddin </subfield>
  </datafield>
  <datafield tag="999" ind1=" " ind2=" ">
   <subfield code="a">1100091787</subfield>
   <subfield code="b">Book</subfield>
   <subfield code="c">Open Shelf</subfield>
   <subfield code="e">KOLEKSI TERBUKA</subfield>
  </datafield>
 </record>
</collection>
